000 02307cam a2200649 a 4500
001 21760
003 VRT
005 20260309140847.0
008 240314s2013 xo oa b 000 0 slo
015 _aSNBA2013
020 _a9788055131634
_q(viaz.)
035 _aurn:nbn:sk:snk-am00a4bv
035 _aurn:nbn:sk:snk-am3h7zi
035 _aBC1F0F65-37AA-4864-BC69-5E3FAA9BC89D
039 9 _a202403141558
_bVLOAD
_c201811301412
_dVLOAD
_c201604301006
_dVLOAD
_c201604281535
_dVLOAD
040 _aSVKBB
_bslo
_cSVKBB
_dSNK
_eAACR2
041 1 _aslo
_hfre
044 _axo
_cSK
072 7 _a08
_xSúborné diela
_2konspekt
072 7 _a0/9-053.2
_xLiteratúra pre deti a mládež (náučná)
_2konspekt
080 _a088
_22001
080 _a(0.062)
_22001
080 _a(0.053.2)
_22001
100 1 _aGrinberg, Delphine
_4aut
240 1 0 _aLe Dokéo des records
_lSlovensky
245 1 0 _aKniha rekordov
_b[zábavné rekordy : strelené informácie]
_c[Delphine Grinberg ; z francúzskeho originálu preložila Alica Wursterová ; ilustrácie: Rémi Saillard ... [et al.]]
246 1 4 _aDetská kniha rekordov
250 _a[1. vyd.]
260 _aBratislava
_bIkar
_c2013
300 _a95 s.
_bfotogr., ilustr.
_c24 cm
521 1 _aPre deti od 5 rokov
650 0 7 _akuriozity, rekordy a zaujímavosti
_2SNKPH
650 0 7 _aCuriosities, records and wonders
_2SNKPHeng
655 7 _apopulárno-náučné publikácie
_2SNKPH
655 7 _aPopular works
_2SNKPHeng
655 7 _apublikácie pre deti
_2SNKPH
655 7 _aChildren's literature
_2SNKPHeng
700 1 _aWursterová, Alica,
_d1949-
_4trl
700 1 _aSaillard, Rémi,
_d1960-
_4ill
700 1 _aHarelová, Émilie
_4ill
700 1 _aBoisteau, Manu
_4ill
700 1 _aDe Montiová, Marie
_4ill
700 1 _aMénielle, Adrien
_4ill
910 _asvkbb
910 _apppk
910 _askpk
910 _asllk
910 _abjkdg
910 _asnk
910 _avthk
942 _2ddc
_cKLDE
_n0
949 _6273K0561780
_asvkpoB 90178
_bsvkpo563358
949 _6270001000406089
_asvkbbB 49115
_bsvkbbm 733572
949 _617A1062497
_asnkSC 152989
_bsnk2013/3053
_o213/2013
_s6100:20160112
949 _617A1062496
_asnkSC 152989 D1
_bsnk2013/3054
_o213/2013
999 _c21760
_d21760